DAI語で市町村(中国) - Statistics

General Stats
  • This quiz has been taken 24 times
  • The average score is 87 of 107
Answer Stats
都道府県名 DAI語 答え % Correct
山口県 AB 阿武町
100%
岡山県 AKIW 赤磐市
100%
広島県 AKOOT 安芸太田町
100%
広島県 AKTKT 安芸高田市
100%
広島県 HRSM 広島市
94%
広島県 HTKIT 廿日市市
94%
広島県 HTyU 府中市
94%
広島県 HTyU 府中町
94%
岡山県 IBR 井原市
94%
山口県 IWKN 岩国市
94%
広島県 KR 呉市
94%
岡山県 KRSK 倉敷市
94%
鳥取県 KRYS 倉吉市
94%
岡山県 KSOK 笠岡市
94%
広島県 KTHRSM 北広島町
94%
広島県 OOTK 大竹市
94%
鳥取県 SKIMNT 境港市
94%
山口県 SnYUOND 山陽小野田市
94%
山口県 SOUOOSM 周防大島町
94%
岡山県 STUT 瀬戸内市
94%
岡山県 TKHS 高梁市
94%
鳥取県 TtTR 鳥取市
94%
島根県 UnNn 雲南市
94%
岡山県 WK 和気町
94%
山口県 WK 和木町
94%
山口県 YMGT 山口市
94%
岡山県 BZn 備前市
88%
鳥取県 DISn 大山町
88%
広島県 ETZM 江田島市
88%
島根県 GUT 江津市
88%
鳥取県 HKEI 北栄町
88%
山口県 HUH 防府市
88%
岡山県 HYSM 早島町
88%
広島県 MHR 三原市
88%
島根県 OKNSM 隠岐の島町
88%
岡山県 OKYM 岡山市
88%
広島県 ONMT 尾道市
88%
島根県 OOD 大田市
88%
島根県 OONn 邑南町
88%
広島県 OOSKKMZM 大崎上島町
88%
広島県 SK 坂町
88%
山口県 SMNSK 下関市
88%
山口県 UB 宇部市
88%
鳥取県 WKS 若桜町
88%
鳥取県 YNG 米子市
88%
島根県 AM 海士町
82%
広島県 HGSHRSM 東広島市
82%
広島県 HKYM 福山市
82%
鳥取県 HUK 伯耆町
82%
鳥取県 KTUR 琴浦町
82%
鳥取県 KUH 江府町
82%
山口県 MN 美祢市
82%
島根県 MSD 益田市
82%
島根県 MTE 松江市
82%
広島県 SR 世羅町
82%
広島県 TKHR 竹原市
82%
岡山県 TMN 玉野市
82%
島根県 TWN 津和野町
82%
岡山県 TYM 津山市
82%
山口県 YNI 柳井市
82%
島根県 YSG 安来市
82%
鳥取県 YZ 八頭町
82%
広島県 ZnSKKUGn 神石高原町
82%
山口県 HG 萩市
76%
鳥取県 HN 日野町
76%
島根県 IINn 飯南町
76%
鳥取県 IWM 岩美町
76%
岡山県 KBTyUOU 吉備中央町
76%
山口県 KDMT 下松市
76%
島根県 KWMT 川本町
76%
岡山県 MMSK 美作市
76%
岡山県 MNW 真庭市
76%
岡山県 NG 奈義町
76%
岡山県 SnZyU 新庄村
76%
岡山県 YKG 矢掛町
76%
岡山県 ASKT 浅口市
71%
鳥取県 HED 日吉津村
71%
山口県 HKR 光市
71%
島根県 HMD 浜田市
71%
島根県 IZM 出雲市
71%
広島県 KIT 海田町
71%
広島県 KMN 熊野町
71%
山口県 KMNSK 上関町
71%
鳥取県 MSS 三朝町
71%
広島県 MYS 三次市
71%
岡山県 NIM 新見市
71%
岡山県 NSAWKR 西粟倉村
71%
岡山県 STSyU 里庄町
71%
岡山県 SUZy 総社市
71%
広島県 SyUBR 庄原市
71%
山口県 SyUNn 周南市
71%
島根県 TB 知夫村
71%
山口県 TBS 田布施町
71%
鳥取県 YRHM 湯梨浜町
71%
島根県 YSK 吉賀町
71%
岡山県 MSK 美咲町
65%
島根県 MST 美郷町
65%
島根県 OKIZM 奥出雲町
65%
岡山県 SyUOU 勝央町
65%
山口県 HRO 平生町
59%
岡山県 KGMN 鏡野町
59%
山口県 NGT 長門市
59%
島根県 NSNSM 西ノ島町
59%
鳥取県 NTNn 日南町
59%
鳥取県 TD 智頭町
59%
岡山県 KMNn 久米南町
53%
鳥取県 NnB 南部町
53%
No matching quizzes found
Score Distribution
Percent of People with Each Score
Percentile by Number Answered
Your Score History
You have not taken this quiz